| 000 | 01117nam a2200313 a 4500 | ||
|---|---|---|---|
| 001 | 000109460 | ||
| 003 | CHAP | ||
| 005 | 20220329144051.0 | ||
| 008 | 140502s2013 mx | |sm |||||||spa|d | ||
| 010 | _a105922 | ||
| 011 | _a106894 | ||
| 040 | _cCHAP | ||
| 090 | _aTesis | ||
| 100 | 1 |
_aRojas Martínez, Juan Manuel _999339 |
|
| 245 | 1 | 0 |
_aAnálisis de cumplimiento de normas de inocuidad alimentaria en uva de mesa (Vitis vinifera) en Hermosillo, Sonora _h[En línea] _cpor Juan Manuel Rojas Martínez. |
| 260 |
_aChapingo, Méx. : _bEl autor, _c2013. |
||
| 500 | _aPara ver el contenido del material haga clic en la liga | ||
| 502 | _aTesis (M.C. en Estrategia Agroempresarial) -- UACH. CIESTAAM | ||
| 590 |
_aBATCH-UPD _b05 _c20141002 _lUCH01 _h0902 |
||
| 590 |
_aE792CSJ _b05 _c20140502 _lUCH01 _h1049 |
||
| 590 |
_aE792CSJ _b05 _c20140502 _lUCH01 _h1050 |
||
| 650 | 1 | 4 |
_aInocuidad alimentaria. _958836 |
| 650 | 1 | 4 |
_aUva _xSonora. _9117141 |
| 650 | 1 | 4 |
_aUva _xVariedades. _9117144 |
| 856 |
_aFinding aid _uhttp://10.13.5.2/tesis/sist109460.pdf _zTeclea aquí |
||
| 901 | _aBK | ||
| 942 | _cTESIS | ||
| 942 | _n0 | ||
| 999 |
_c105922 _d105922 |
||